000 00535nam a2200181Ia 4500
999 _c21620
_d21620
003 OSt
005 20201109121021.0
008 190216s9999||||xx |||||||||||||| ||und||
020 _a9788125051749
040 _coclc
082 _a954.02
_bSES/I
100 _aSeshan, Radhika
_96347
245 0 _aIdeas And Institutions In Medieval India /
_cRadhika Seshan
260 _bOrient Black Swans,
_c2013.
_aHyderbad:
300 _a218p
650 _aMedieval India
942 _cBK
_2ddc
_h954.02
_iSES/I
_k954.02
_mSES/I